| 000 | 00921nam a22002297a 4500 | ||
|---|---|---|---|
| 999 |
_c4306 _d4306 |
||
| 003 | AR-CdUCM | ||
| 008 | 190308b ||||| |||| 00| 0 spa d | ||
| 040 |
_aMUNICIPALIDAD PROVINCIAL DEL CUSCO _cBIBLIOTECA MUNICIPAL DEL CUSCO |
||
| 082 |
_a709.47 / _bR31 |
||
| 100 |
_aRéau, Louis _913607 |
||
| 245 | _aEl arte ruso / | ||
| 260 |
_aMéxico : _bFondo de Cultura Económica, _c1957. |
||
| 300 |
_a158 páginas ; _bImágenes. _c17 cm. |
||
| 505 | _aContenido: El arte ruso. Antes de Pedro el Grande -- Arquitectura y escultura premongólicas -- La arquitectura moscovita -- Después de Pedro el Grande -- Las influencias occidentales -- El arte barroco Petersburgo ... | ||
| 650 |
_aHistoria y crítica _95993 |
||
| 650 |
_aEstetica _9589 |
||
| 650 |
_aEscultura _913152 |
||
| 700 |
_aPupareli, María Josefa (traductora) _913608 |
||
| 700 |
_aReuter, Jasmin (traductora) _913609 |
||
| 942 |
_2ddc _cLIBROS |
||
| 945 | _aafb | ||